Central Library OPAC University of Rajshahi

Japanese sports : (Record no. 62356)

MARC details
000 -LEADER
fixed length control field 00803nam a2200253 a 4500
001 - CONTROL NUMBER
control field 62356
003 - CONTROL NUMBER IDENTIFIER
rucl marc code BD-RjUL
005 - DATE AND TIME OF LATEST TRANSACTION
control field 20211209081055.0
008 - FIXED-LENGTH DATA ELEMENTS--GENERAL INFORMATION
fixed length control field 170123s2001 hiuaf b s001 0 eng
020 ## - INTERNATIONAL STANDARD BOOK NUMBER
International Standard Book Number 0824824148 (cloth : alk. paper)
035 ## - SYSTEM CONTROL NUMBER
System control number (BD-RjUL)62482
040 ## - CATALOGING SOURCE
Original cataloging agency DLC
Transcribing agency DLC
Modifying agency BD-RjUL
Language of cataloging eng
041 ## - LANGUAGE CODE
Language code of text/sound track or separate title eng
082 00 - DEWEY DECIMAL CLASSIFICATION NUMBER
Classification number 796.0952
Edition number 23
Author mark and year GUJ 2001
100 1# - MAIN ENTRY--PERSONAL NAME
Personal name Guttmann, Allen.
9 (RLIN) 185477
245 10 - TITLE STATEMENT
Title Japanese sports :
Remainder of title a history /
Statement of responsibility, etc. Allen Guttmann and Lee Thompson.
260 ## - PUBLICATION, DISTRIBUTION, ETC. (IMPRINT)
Place of publication, distribution, etc. Honolulu :
Name of publisher, distributor, etc. University of Hawai'i Press,
Date of publication, distribution, etc. c2001.
300 ## - PHYSICAL DESCRIPTION
Pagination ix, 307 p.:
Illustrations ill. ;
Size 24 cm.
504 ## - BIBLIOGRAPHY, ETC. NOTE
Bibliography, etc Includes bibliographical references and index.
650 #0 - SUBJECT ADDED ENTRY--TOPICAL TERM
Topical term or geographic name as entry element Sports
Geographic subdivision Japan
General subdivision History.
9 (RLIN) 185478
700 1# - ADDED ENTRY--PERSONAL NAME
Personal name Thompson, Lee
Fuller form of name (Lee Austin)
942 ## - ADDED ENTRY ELEMENTS (KOHA)
Source of classification or shelving scheme Dewey Decimal Classification
Koha item type Books
Holdings
Lost status Source of classification or shelving scheme Damaged status Not for loan Collection code Permanent Location Current Location Shelving location Date acquired Source of acquisition Total Checkouts Full call number Date last seen Copy number Koha item type
  Dewey Decimal Classification   Not For Loan Non-fiction Central Library, University of Rajshahi Central Library, University of Rajshahi Reading Room 27/05/2004 Japan Foundation   796.0952 GUJ 2001 23/01/2017 C-1 Books